000 00804nam a22002417a 4500
003 UA-OsUOA
001 44202
007 ta
008 20100701b un ||||| |||| 00| 0 ukr d
100 _aФедорова Л. Д.
090 _a061
_bФ33
942 _cBK
040 _aUA-OsUOA
_bukr
_cUA-OsUOA
_dUA-OsUOA
245 _aДіяльність Київського товариства охорони пам'яток старовини і мистецтва зі збереження культурної спадщини України 1910-1920 рр.
300 _a296 с.
955 _a1
041 _aukr
080 _a061
260 _aК.
_c2010
650 7 _2UDC
999 _c424116
_d424116